000
00414nam a2200133Ia 4500
008
100328s9999 xx 000 0 und d
082
_b
69622
100
_a
कुलकर्णी जयश्री.
245
_a
विषवल्ली.
260
_b
मेहता पब्लिशिंग हाऊस.
630
_a
विषवल्ली.
730
_a
विषवल्ली.
942
_c
BOOK
999
_c
555352
_d
555349